000 04529nab a2200325 i 4500
003 BR-BrBNA
005 20230913104208.0
008 230626b2019 bl.ar|pooa||| 00| 0 eng |
040 _aBR-BrBNA
_beng
072 _aH60
_b0336
100 _aKrenchinski, F.H.
100 _aPereira, V.G.C.
100 _aZobiole, L.H.S.
100 _aAlbrecht, A.J.P.
100 _aAlbrecht, L.P.
100 _aPeterson, M.
245 _aHalauxifen-methyl+diclosulam: new option to control Conyza spp. prior soybean sowing
500 _aPublicação on-line; 33 ref.; 9 tables; Summaries (En, Pt)
520 _a ABSTRACT - Control of Conyza spp. prior to soybean sowing has faced difficulties because of the resistance cases in Brazil, hence new herbicides as halauxifen-methyl + diclosulam are important to manage this specie. The objective of this research was to evaluate the effectiveness of the herbicide halauxifen-methyl + diclosulam applied at pre-planting of soybean. The experiments were set up in three locations in Paraná State, Brazil, in the 2015/2016 season. The herbicide halauxifen-methyl + diclosulam was associated with glyphosate and compared to other commercial herbicide to Conyza spp. control. The application occurred 15 days before soybean sowing, in plants of Conyza spp. with an average height of 20-35 cm in the three areas. None of the treatments promoted Conyza spp. control above 90%, when soybean was at the V1 stage; however, the findings showed that halauxifen-methyl + diclosulam promoted better control in comparison to the other treatments. The control reached >90% at V3 soybean development stage, in which treatments containing glyphosate + halauxifen-methyl + diclosulam were more effective than the other treatments. In addition, treatments with glyphosate + halauxifen-methyl + diclosulam decreased dry matter content of Conyza spp. between 87 and 93%, depending on the location, when compared to the control. The burndown treatment to Conyza spp. with glyphosate + halauxifen-methyl + diclosulam did not decrease soybean yield, and it was always higher than the untreated check. Keywords: burn down, Conyza spp. control., Arylpicolinate herbicide, auxin mimic herbicide, Glycine max.
520 _a RESUMO - O controle de Conyza spp. antecedendo a semeadura da soja tem apresentado dificuldades no Brasil devido à presença de casos de resistência. Assim, novos herbicidas, como halauxifen-methyl + diclosulam, são importantes no manejo dessa espécie. O objetivo desta pesquisa foi avaliar a eficácia do herbicida halauxifen-methyl + diclosulam aplicado em dessecação pré-plantio da soja. Os experimentos foram instalados em três localidades no Estado do Paraná, Brasil, na safra de 2015/2016. O herbicida halauxifen-methyl + diclosulam foi associado ao glyphosate e comparado com outros herbicidas encontrados no mercado para o controle de buva; a aplicação ocorreu 15 dias antes da semeadura da soja, em plantas de Conyza spp. com altura média de 20-35 cm, nas três áreas. Nenhum dos tratamentos promoveu controle de Conyza spp., superior a 90%, quando a soja se encontrava no estádio V1; entretanto, os resultados demonstraram que halauxifen-methyl + diclosulam promoveu melhor controle em relação aos demais tratamentos. O controle melhorou (>90%) no estádio de desenvolvimento V3 da soja, no qual os tratamentos contendo glyphosate + halauxifen-methyl + diclosulam se mostraram superiores aos demais; além disso, os tratamentos com glyphosate + halauxifen-methyl + diclosulam diminuíram a matéria da massa seca de Conyza spp. entre 87 e 93%, dependendo da localização, quando comparados com o controle. A dessecação da buva com glyphosate + halauxifen-methyl + diclosulam não diminuiu a produtividade da soja, tendo sido esta sempre maior que a da testemunha não capinada. Palavras-chave: dessecação, controle de Conyza spp., herbicidas arylpicolinato, herbicidas mimetizadores de auxina, Glycine max.
650 _aDESIDRATAÇÃO
650 _aCONTROLE QUÍMICO
650 _aHERBICIDA
650 _aGLYCINE MAX
650 _aSOJA
773 0 _0886
_91816
_dLondrina-PR : Sociedade Brasileira da Ciência das Plantas Daninhas, 1978
_o2023-031023
_tPlanta Daninha (Brazil)
_x0100-8358; 1806-9681 (on-line)
_gv. 37 p. 1-10; (2019)
_wBR2023000458
856 _uhttps://www.scielo.br/j/pd/a/fwyQtpR4MNZ7KYGySxRVjyN/?format=pdf&lang=en
942 _cAnalítica
999 _c9476
_d9476